000 00370cam a2200145ua 4500
041 _ahin
_h
082 _a894.81209
_bGEO/KE
100 _aGeorge, Onakkor .
245 _aKerala bhasha ganga /
_cGeorge onakoor.
_hTextual Documents
260 _aMuvattupuzha :
_bForward book stall ,
_c1963.
300 _a119 ; .
504 _a
942 _cBK
999 _c12295
_d12295